<?xml version="1.0" encoding="UTF-8"?>
<record
    xmlns:xsi="http://www.w3.org/2001/XMLSchema-instance"
    xsi:schemaLocation="http://www.loc.gov/MARC21/slim http://www.loc.gov/standards/marcxml/schema/MARC21slim.xsd"
    xmlns="http://www.loc.gov/MARC21/slim">

  <leader>00825nam a22001577a 4500</leader>
  <controlfield tag="003">LRUA</controlfield>
  <controlfield tag="005">20210917111515.0</controlfield>
  <controlfield tag="008">210917b        xxu||||| |||| 00| 0 eng d</controlfield>
  <datafield tag="040" ind1=" " ind2=" ">
    <subfield code="c">rua</subfield>
  </datafield>
  <datafield tag="082" ind1=" " ind2=" ">
    <subfield code="a">VEM SOT 2015 B434 Or.</subfield>
  </datafield>
  <datafield tag="100" ind1=" " ind2=" ">
    <subfield code="9">14677</subfield>
    <subfield code="a">SOTH VICHHEKA, &#x179F;&#x17BB;&#x178F; &#x179C;&#x17B7;&#x1785;&#x17D2;&#x1786;&#x17B7;&#x1780;&#x17B6;</subfield>
  </datafield>
  <datafield tag="245" ind1=" " ind2=" ">
    <subfield code="a">Effect of antibiotice on diarrhea of suckling pigllet at sre chesa khang cheung commune dong tung district kompot province, &#x1794;&#x17D2;&#x179A;&#x179F;&#x17B7;&#x1791;&#x17D2;&#x1792;&#x1797;&#x17B6;&#x1796;&#x1793;&#x17C3;&#x17A2;&#x1784;&#x17CB;&#x1791;&#x17B8;&#x1794;&#x17CA;&#x17B8;&#x1799;&#x17C9;&#x17BC;&#x1791;&#x17B7;&#x1785;&#x1785;&#x17C6;&#x1796;&#x17C4;&#x17C7;&#x1787;&#x17C6;&#x1784;&#x17BA;&#x179A;&#x17B6;&#x1780;&#x179B;&#x17BF;&#x1784;&#x1780;&#x17BC;&#x1793;&#x1787;&#x17D2;&#x179A;&#x17BC;&#x1780;&#x1780;&#x17C6;&#x17A1;&#x17BB;&#x1784;&#x1796;&#x17C1;&#x179B;&#x1794;&#x17C5;&#x178A;&#x17C4;&#x17C7;&#x1793;&#x17C5;&#x1783;&#x17BB;&#x17C6;&#x179F;&#x17D2;&#x179A;&#x17C2;&#x1787;&#x17B6;&#x1781;&#x17B6;&#x1784;&#x1787;&#x17BE;&#x1784; &#x179F;&#x17D2;&#x179A;&#x17BB;&#x1780;&#x178A;&#x1784;&#x1791;&#x1784;&#x17CB; &#x1781;&#x17C1;&#x178F;&#x17D2;&#x178F;&#x1780;&#x17C6;&#x1796;&#x178F;</subfield>
  </datafield>
  <datafield tag="260" ind1=" " ind2=" ">
    <subfield code="a">PHNOM PENH</subfield>
    <subfield code="b">PENH</subfield>
    <subfield code="c">2015</subfield>
  </datafield>
  <datafield tag="300" ind1=" " ind2=" ">
    <subfield code="a">ix; 36p.</subfield>
    <subfield code="b">ill</subfield>
    <subfield code="c">29cm</subfield>
  </datafield>
  <datafield tag="942" ind1=" " ind2=" ">
    <subfield code="2">ddc</subfield>
    <subfield code="c">VEM</subfield>
  </datafield>
  <datafield tag="999" ind1=" " ind2=" ">
    <subfield code="c">19733</subfield>
    <subfield code="d">19733</subfield>
  </datafield>
  <datafield tag="952" ind1=" " ind2=" ">
    <subfield code="0">0</subfield>
    <subfield code="1">0</subfield>
    <subfield code="2">ddc</subfield>
    <subfield code="4">0</subfield>
    <subfield code="6">VEM_SOT_2015_000000000000000_B434_OR_1</subfield>
    <subfield code="7">0</subfield>
    <subfield code="9">86839</subfield>
    <subfield code="a">LBB</subfield>
    <subfield code="b">LBB</subfield>
    <subfield code="c">B434</subfield>
    <subfield code="d">2021-09-17</subfield>
    <subfield code="o">VEM SOT 2015 B434 Or.1</subfield>
    <subfield code="p">A10222</subfield>
    <subfield code="r">2021-09-17</subfield>
    <subfield code="w">2021-09-17</subfield>
    <subfield code="y">VEM</subfield>
  </datafield>
  <datafield tag="952" ind1=" " ind2=" ">
    <subfield code="0">0</subfield>
    <subfield code="1">0</subfield>
    <subfield code="2">ddc</subfield>
    <subfield code="4">0</subfield>
    <subfield code="6">VEM_SOT_2015_000000000000000_B434_OR</subfield>
    <subfield code="7">0</subfield>
    <subfield code="9">86840</subfield>
    <subfield code="a">LBB</subfield>
    <subfield code="b">LBB</subfield>
    <subfield code="c">B434</subfield>
    <subfield code="d">2021-09-17</subfield>
    <subfield code="o">VEM SOT 2015 B434 Or.</subfield>
    <subfield code="p">A09707</subfield>
    <subfield code="r">2021-09-17</subfield>
    <subfield code="w">2021-09-17</subfield>
    <subfield code="y">VEM</subfield>
  </datafield>
</record>
